Principles of CMOS VLSI design : (Record no. 14167)
[ view plain ]
| 000 -LEADER | |
|---|---|
| fixed length control field | 00794nam a2200241 a 4500 |
| 001 - CONTROL NUMBER | |
| JCCL Control Number | 14167 |
| 003 - CONTROL NUMBER IDENTIFIER | |
| JCCL marc code | BD-JhCC |
| 005 - DATE AND TIME OF LATEST TRANSACTION | |
| control field | 20250205122754.0 |
| 008 - FIXED-LENGTH DATA ELEMENTS--GENERAL INFORMATION | |
| fixed length control field | 250204b1993 e a|||| ||a| 001 0 eng d |
| 020 ## - INTERNATIONAL STANDARD BOOK NUMBER | |
| International Standard Book Number | 0201533766 |
| 035 ## - SYSTEM CONTROL NUMBER | |
| system control number | (BD-JhCC)14167 |
| 040 ## - CATALOGING SOURCE | |
| Original cataloging agency | BD-JhCC |
| Modifying agency | BD-JhCC |
| 041 ## - LANGUAGE CODE | |
| Language code of Book | English |
| 082 ## - DEWEY DECIMAL CLASSIFICATION NUMBER | |
| Classification number | 621.3 |
| Author mark and Year | WES 1993 |
| 100 ## - MAIN ENTRY--PERSONAL NAME | |
| Personal name | Weste,Neil H. E. |
| 245 ## - TITLE STATEMENT | |
| Title | Principles of CMOS VLSI design : |
| Remainder of title | a systems perspective / |
| Statement of responsibility, etc | Neil H. E. Weste, Kamran Eshraghian. |
| 260 ## - PUBLICATION, DISTRIBUTION, ETC. (IMPRINT) | |
| Place of publication, distribution, etc | New York: |
| Name of publisher, distributor, etc | Addison-Wesley Pub; |
| Date of publication, distribution, etc | 1993. |
| 300 ## - PHYSICAL DESCRIPTION | |
| Pagination | xxii, 713 p. : |
| Other physical details | ill; |
| Dimensions | 24 cm. |
| 651 ## - SUBJECT ADDED ENTRY--GEOGRAPHIC NAME | |
| Geographic name | Circuits intégrés à très grande |
| Form subdivision | scale integration Design and construction |
| General subdivision | MOS complémentaires |
| Geographic subdivision | Metal oxide semiconductors, |
| 700 ## - ADDED ENTRY--PERSONAL NAME | |
| Personal name | Eshraghian,Kamran |
| 942 ## - ADDED ENTRY ELEMENTS (KOHA) | |
| Source of classification or shelving scheme | Dewey Decimal Classification |
| Koha item type | Books |
| Source of classification or shelving scheme | Damaged status | Not for loan | Home library | Current library | Shelving location | Date of accession | Source of acquisition | Cost, normal purchase price | Total Checkouts | Full call number | Barcode | Date last seen | Copy number | Method of acquisition | Koha item type | Currency |
|---|---|---|---|---|---|---|---|---|---|---|---|---|---|---|---|---|
| Dewey Decimal Classification | JCC Rouf Library | JCC Rouf Library | General Stacks | With the compliments of Shahriar Imtiaz Rahman,27/1483/K | 825.00 | 621.3 WES 1993 | 19864 | 02/05/2025 | C-1 | Gift/Donation | Books | BDT |